000 00928nam a22001815i 4500
001 158258
003 ES-MaACL
005 20230906211059.0
008 020125s1870 sp |||| | spa d
040 _aCAM
_bspa
_cCAM
100 1 _aLustonó, Eduardo de.
_974865
245 1 0 _aBelenes
_b: escenas originales de la vida de un soltero, coleccionadas en tres actos é hilvanadas en verso /
_cpor Eduardo de Lustonó.
260 _aMadrid :
_b[s.n.],
_c1870 (
_fImprenta de José Rodriguez)
300 _a81 p. ;
_c20 cm.
500 1 _aRepresentadas por primera vez en el Teatro de Lope de Rueda, el 24 de enero de 1870.
596 1 _aEn verso de port. consta: "... de las Galerías Dramáticas y Líricas de los Sres. Gullon é Hidalgo ..."
852 _aES-MaACL
_jF-8555(1)
_z-- Enc. pasta española
_q-- Falto de la cub. original
_z-- Enc. en un vol. facticio formando parte de la col. facticia "Teatro español moderno" v. 7
999 _c158258
_d158258